¿Naces o te haces? : la ciencia detrás de la homosexualidad /

Estudio –de carácter divulgador- sobre las explicaciones biológicas de la homosexualidad, cuyo autor busca desmontar la pregunta tradicional "¿nacemos o nos hacemos?". Para ello, el biólogo y especialista en filosofía de la ciencia Fabrizzio Guerrero McManus adopta una postura interdisciplinar que r...

Полное описание

Сохранить в:
Библиографические подробности
Главный автор: Guerrero McManus, Fabrizzio (autor)
Другие авторы: Suárez Díaz, Edna (prólogo) (prólogo)
Формат:
Язык:испанский
Опубликовано: México : Paidós, 2013, c2013
Предметы:
Метки: Добавить метку
Нет меток, Требуется 1-ая метка записи!

MARC

LEADER 00000nam^a2200000^a^4500
001 000337636
005 20250521000000.0
008 140129 20132013
009 20260310114335.158
020 |a 978-607-9202-43-9 
037 |a Acervo ITESO - Biblioteca 
041 |a ESP 
082 |a 305. 3142  |b GUE 
100 |a Guerrero McManus, Fabrizzio  |e (autor) 
245 1 0 |a ¿Naces o te haces? :  |b la ciencia detrás de la homosexualidad /  |c F. Guerrero McManus ; pról. de E. Suárez Díaz. 
264 4 |a México :  |b Paidós,  |c 2013, c2013 
300 |a 197 p. 
336 |a texto  |b txt  |2 rdacontenido 
337 |a sin mediación  |b n  |2 rdamedio 
338 |a volumen  |b nc  |2 rdasoporte 
520 |a Estudio –de carácter divulgador- sobre las explicaciones biológicas de la homosexualidad, cuyo autor busca desmontar la pregunta tradicional "¿nacemos o nos hacemos?". Para ello, el biólogo y especialista en filosofía de la ciencia Fabrizzio Guerrero McManus adopta una postura interdisciplinar que recupera aportes de la biología evolutiva, la biología molecular y la etología y aboga por una aproximación integral en la que dialoguen seria y recíprocamente la biología y las ciencias sociales. 
649 |a XX 
650 |a Homosexualidad -  |x Aspectos Físicos -  |x Tema Principal 
650 |a Homosexualidad -  |z México -  |x Aspectos Sociales y Culturales 
650 |a Homosexualidad -  |x Aspectos Sociales y Culturales 
650 |a Prácticas Sexuales 
650 |a Etica Sexual 
650 |a Sexualidad 
650 |a Identidad 
650 |a Evolución 
650 |a Constructivismo 
650 |a Etología 
650 |a Biología Molecular 
650 |a Biología -  |x Difusión 
650 |a Objetividad y Subjetividad en la Ciencia 
650 |a Ciencia -  |x Difusión 
700 |a Suárez Díaz, Edna  |e (prólogo) 
910 |a Fondo General 
920 |a Impresos - Libros 
930 |a Colección General 
905 |a 101 
901 |a 0500227721  |b IT1  |c ACC  |i C138840  |u 20250521 
902 |a https://opac.biblio.iteso.mx/vufind/Record/000337636